IFM Opac

The economics of innovation (Record no. 2712)

MARC details
000 -LEADER
fixed length control field 00409nam a2200157Ia 4500
008 - FIXED-LENGTH DATA ELEMENTS--GENERAL INFORMATION
fixed length control field 150509s9999 xx 000 0 und d
082 ## - DEWEY DECIMAL CLASSIFICATION NUMBER
Classification number 338.06 PAR
100 ## - MAIN ENTRY--PERSONAL NAME
Personal name Parker, John Edgar Sayce
245 #4 - TITLE STATEMENT
Title The economics of innovation
260 ## - PUBLICATION, DISTRIBUTION, ETC.
Place of publication, distribution, etc. London:
260 ## - PUBLICATION, DISTRIBUTION, ETC.
Name of publisher, distributor, etc. Longman
260 ## - PUBLICATION, DISTRIBUTION, ETC.
Date of publication, distribution, etc. 1974
300 ## - PHYSICAL DESCRIPTION
Extent viii, 297p. :ill. ;24cm.
500 ## - GENERAL NOTE
General note Includes Index
650 ## - SUBJECT ADDED ENTRY--TOPICAL TERM
Topical term or geographic name entry element TechnologicalEconomic development
Holdings
Withdrawn status Lost status Source of classification or shelving scheme Damaged status Not for loan Home library Current library Shelving location Date acquired Full call number Barcode Date last seen Price effective from Koha item type
    Dewey Decimal Classification     IFM Main Campus Library IFM Main Campus Library   05/15/2015 338.06 PAR 0000005700 05/15/2015 05/15/2015 Books
    Dewey Decimal Classification     IFM Main Campus Library IFM Main Campus Library   10/28/2015 338.06 PAR 0000005699 10/28/2015 10/28/2015 Books
    Dewey Decimal Classification     IFM Main Campus Library IFM Main Campus Library   10/28/2015 338.06 PAR 0000005698 10/28/2015 10/28/2015 Books
    Dewey Decimal Classification     IFM Main Campus Library IFM Main Campus Library   10/28/2015 338.06 PAR 0000005701 10/28/2015 10/28/2015 Books